[Event "Geneva FIDE GP"]
[Site "Geneva"]
[Date "2017.07.14"]
[Round "8"]
[White "Nepomniachtchi, Ian"]
[Black "Aronian, Levon"]
[Result "1-0"]
[WhiteElo "2742"]
[BlackElo "2809"]
[Annotator "Yuffa,D"]
[PlyCount "71"]
[EventDate "2017.07.06"]
[EventType "swiss"]
[EventRounds "9"]
[EventCountry "SUI"]
[SourceTitle "CBM 180"]
[Source "ChessBase"]
[SourceDate "2017.09.13"]
[SourceVersion "1"]
[SourceVersionDate "2017.09.13"]
[SourceQuality "1"]

{Nepomniachtchi decided to use Aronian's own weapon against him.} 1. c4 Nf6 2.
Nc3 e5 3. Nf3 Nc6 4. g3 d5 5. cxd5 Nxd5 6. Bg2 Nb6 7. O-O Be7 8. a3 ({Usually
White starts with} 8. d3 O-O {and there White has an interesting and slightly
unexpected idea if Black plays too actively:} 9. Be3 Be6 10. Rc1 f5 {This
active and aggressive move provokes White into a response:} (10... f6 {is
quite solid.} 11. a3 $5 {is a positional trap} Qd7 $1 ({if} 11... a5 12. d4 $1
exd4 13. Nxd4 Nxd4 14. Qxd4 $16 {Marin - Strambu, 1-0, 2007}) 12. Ne4 Nd5 13.
Bc5 b6 14. Bxe7 Ndxe7 15. Qa4 $11 {and both sides have equal chances}) (10...
Nd5 11. Nxd5 Bxd5 12. Qa4 Re8 13. Rc3 a6 14. a3 Bf6 15. Rc5 {Tomashevsky -
Karjakin, 2015, and instead of} Nd4 16. Rxd5 Nxe2+ 17. Kh1 Qxd5 18. Nd4 Qxg2+
19. Kxg2 Nxd4 20. Bxd4 exd4 21. Qb4 Rab8 22. Re1 $16 {with big chances for
White's success Black should have played 15...Be7, offering a repetition}) (
10... Qd7 11. a3 f6 12. Nd2 Rfd8 {and the computer considers that the position
is absolutely equal}) 11. b4 $5 a6 (11... Nxb4 12. Nxe5 c6 13. Qd2 {is
slightly better for White because of the centre}) (11... Bxb4 $6 {This pawn is
poisoned} 12. Ng5 Bf7 13. Nxf7 Rxf7 14. Qb3 $1 Bxc3 15. Rxc3 Nd4 16. Bxd4 exd4
17. Rc5 c6 18. Rxf5 Qe7 (18... Qd7 19. Bh3 Nd5 20. Rf4 $1 $18) 19. Rf4 Rd8 20.
Bh3 Kf8 21. Rxf7+ Qxf7 22. Qa3+ $18) 12. a3 Kh8 (12... Bf6 13. Nd2 $14 {
is slightly better because of space on queenside and the pressure on c-file})
13. Bc5 (13. Na4 Nxa4 14. Qxa4 Bd5 15. Bc5 Bd6 16. Qc2 {Anand - Hammer, 1-0,
2015. The position is almost equal, but in my view it's a bit easier to play
White there which was proved in the game.}) (13. Re1 Qe8 14. Qd2 Bd6 15. Bxb6
cxb6 16. d4 exd4 17. Nxd4) 13... Bg8 14. e3 $5 Bxc5 15. bxc5 Nd5 16. Qd2 Qe7 {
Caruana - Giri, 1/2, 2014, with mutual chances.}) 8... a5 (8... O-O {is also a
possibility} 9. b4 Be6 10. d3 (10. Rb1 {This is almost useless} f6 $5 (10... a6
11. d3 f6 12. Ne4 Ba2 13. Rb2 Bd5 14. Nc5 {is approximately equal}) 11. d3 a5
12. b5 Nd4 13. Nd2 Qc8 14. e3 Nf5 15. Qc2 a4 {and Black has a slight edge.}) (
10. b5 $5 Nd4 11. Rb1 Nxf3+ {This can be an inaccuracy} (11... f6 $5 $13) 12.
Bxf3 Qc8 13. d3 a5 14. a4 Rd8 15. Qc2 {The position might be equal but it's a
bit more convenient to play White there.}) 10... a5 11. b5 Nd4 12. Nd2 c6 13.
bxc6 Nxc6 14. Rb1 a4 {despite the good pawn structure, White has a lack of
space}) 9. d3 O-O 10. Be3 Be6 11. Rc1 a4 $5 {The most principled and
convincing.} (11... f5 12. Na4 Nxa4 13. Qxa4 $14 {is slightly better for White
because of pressure on the c-file and the threat of an exchange sacrifice on
c6.}) 12. Nd2 ({An attempt to win the pawn immediately leads to sufficient
counterplay for Black:} 12. Bxb6 cxb6 13. Nxa4 e4 14. Ne1 Bg5 15. Rc3 {and
Black at least has a repetition after 15...Bf6} (15. Ra1 exd3 16. Nxd3 Nd4 17.
Nc3 Nb3 $44) (15. e3 $6 exd3 $36)) 12... f5 $146 {It seems to me that this
move is the first inaccuracy for Black. I think that Aronian knew that after
12...Nd5 the position becomes dry and he wanted to create a mess on the board.}
(12... Nd5 {was more solid} 13. Nxd5 Bxd5 14. Bf3 Bxf3 15. Nxf3 Qd5 $11) 13.
Bxb6 cxb6 14. Nxa4 Bg5 15. Nc3 e4 16. Rb1 Ne5 (16... Rf7 17. Nc4 Rd7 18. b3 Bf6
19. Nb5 exd3 20. exd3 Nd4 $14 {and the compensation is already sufficient.})
17. Nb3 Ng4 18. Qc2 ({Black aimed for an attack. It was better to terrorise
the knight on g4 immediately:} 18. h3 $5 Nxf2 19. Kxf2 (19. Rxf2 $2 Be3 $17 {
, threating f4}) 19... Qd6 20. h4 $16 {escaping.}) 18... Be3 19. dxe4 $2 {
Blundering.} (19. Bh3 {was the only move to maintain equality:} Nxf2 20. Rxf2
Qd7 21. Rbf1 f4 22. Bxe6+ Qxe6 23. g4 f3 24. exf3 Rxf3 25. Nxe4 Qxg4+ 26. Kh1
Rxf2 27. Rxf2 Bxf2 28. Nxf2 Qf3+ 29. Kg1 Rf8 $11) 19... Qg5 $2 {Aronian misses
a beautiful pinning idea:} (19... Nxf2 $1 20. Rxf2 fxe4 21. Rbf1 (21. Nxe4 $2
Rc8) 21... Qc7 $1 {The point of conception. The pair of bishops is pinning all
the white pieces.} 22. Bxe4 (22. Nc1 Bxf2+ 23. Rxf2 Rxf2 24. Kxf2 Qc5+ $19)
22... Rxf2 23. Rxf2 Qf7 $1 {...executing ...} 24. Bf3 Bxb3 $17) 20. fxe3 Qxe3+
21. Kh1 Qh6 22. h3 $2 {Wasting the advantage.} (22. h4 {looks a bit more risky
but it works:} f4 23. Qc1 Ne3 24. Rf3 Bxb3 25. gxf4 Nxg2 26. Kxg2 Qxh4 27. f5
$16) 22... Ne3 23. Qd2 f4 24. gxf4 Nxf1 $2 (24... Nxg2 {doesn't make a draw
because} 25. Kxg2 Qxh3+ 26. Kf2 Qh4+ 27. Ke3 Bxb3 28. Qd4 $14 Rad8 29. Qe5 {
looks a bit dangerous, but Black has nothing tangible for the pawn.}) (24...
Rxf4 $1 25. Rxf4 Qxf4 {that's a bit fantastic but Black is ok there a piece
down. White must give up that lead.} 26. Rg1 Bxb3 27. Nd5 Bxd5 28. exd5 Nxg2
29. Qc3 g6 30. Rxg2 Rd8 31. Qd3 Re8 32. Qf3 Qc1+ 33. Kh2 Qc7+ 34. Qg3 Qc4 $11)
25. Rxf1 {Now it's a technical stage. White's central pawn fist is crushing
Black's position.} Bxb3 26. e5 Rae8 (26... Rad8 $5 27. Qe3 Rd7 28. Ne4 Bd5 29.
Nd6 $16 {it's still tough, but not losing yet.}) 27. Ne4 Kh8 28. Kh2 Bg8 29. e3
Re6 30. Nd6 Qh4 31. Qd4 $18 Rg6 32. Rf3 Qe1 33. f5 Rg5 34. h4 Rh5 35. Rg3 Be6
36. fxe6 {This was a game of mutual chances, where Aronian didn't want to
agree to a peaceful flow of the game and played 12...f5!?N. That, probably,
was a mistake despite the less than smooth play of both sides.} 1-0

[Event "SWE-ch"]
[Site "Linkoping"]
[Date "2001.07.08"]
[Round "7"]
[White "Agrest, Evgenij"]
[Black "Cramling, Pia"]
[Result "1-0"]
[WhiteElo "2531"]
[BlackElo "2492"]
[Annotator "Ziegler,A"]
[PlyCount "75"]
[EventDate "2001.06.30"]
[EventType "tourn"]
[EventRounds "13"]
[EventCountry "SWE"]
[EventCategory "8"]
[SourceTitle "CBM 085"]
[Source "ChessBase"]
[SourceDate "2001.11.13"]
[SourceVersion "1"]
[SourceVersionDate "2001.11.13"]
[SourceQuality "1"]

1. c4 e5 {Pia antar den Sicilianska utmaningen!} 2. Nc3 Nf6 3. Nf3 Nc6 4. d3 d5
5. cxd5 Nxd5 6. g3 Be7 (6... Nb6 {Är det solida spelsättet som har visat sig
vara mycket framgångsrikt för svart.}) 7. Bg2 Be6 {Pia spelar superambitiöst.
Idag är det vinst som gäller!} 8. O-O Qd7 {Vi spelar klassisk Drake med
omvända färger. Jag antar att det inte passar Pia som handen i handsken enär
hon inte kommer att kunna spela sitt tekniska schack.} (8... O-O {Är mer
naturligt.}) 9. Ng5 Bxg5 10. Bxg5 h5 {Den bonden är inte så himla farlig.} 11.
Ne4 b6 12. Rc1 {[#]Agrest har fått som han vill. Pia har spelat ambitiöst och
fått svaga fält längs den vita diagonalen, vilket han nu ytnyttjar.} Rc8 13.
Bd2 f6 14. Re1 {Agrest är sin superprofylaktiska stil trogen.} Nce7 15. b4 h4
16. a3 hxg3 17. fxg3 Nf5 18. e3 Nde7 {Pias aktiva spel börjar löna sig. Hon
har nästan fått Evgenij på defensiven.} 19. Nf2 {[#] Låt oss pausa lite. Det
finns ett fält där svart definitivt vill ha en springare. Det är d5-fältet.
Men nu kan man inte gå dit så det måste föreberedas. Om e-springaren skall
till d5, var skall man ställa den andra? Eftersom vi helst inte rör oss på
kanterna med springaren återstår d6-fältet.} Nh6 $6 (19... Nd6 {Och i nästa
spelar svart ...Sd5 eller ...c5, vilket kommer att ge svart naturligt spel,
och vit får befinna sig i en minimal defensiv.}) 20. Qc2 Ng4 21. Nxg4 Bxg4 22.
d4 $1 {Vit öppnar upp ställningen med ett litet offer. Vad är en bonde jämfört
med öppna linjer och diagonaler?} Bf5 (22... exd4 23. exd4 Qxd4+ 24. Be3 Qd7
25. Bf4 {Vit får c-bonden.}) 23. Qb2 e4 24. Qc2 Qd5 25. Rf1 Bg6 26. Be1 ({
Vit kunde vunnit bonde med:} 26. Rf4 f5 27. Qa4+ Kd8 28. Qxa7) 26... f5 27. g4
{Istället för att ta en bonde offrar han för att få igång löparen.} O-O (27...
fxg4 28. Rf4) 28. Bh4 Qd7 29. Bxe7 Qxe7 30. gxf5 Rxf5 31. Rxf5 Bxf5 32. Rf1 g6
33. Qf2 {Vit står naturligtvis bättre eftersom svart har svag e4-bonde och den
relativt sett svagare kungsställningen.} c5 $6 ({Något annat än försvar var
inte att tänka på.} 33... Rf8 34. Qg3 Kg7) 34. Qg3 Qc7 $6 35. Qg5 Qg7 36. bxc5
bxc5 37. dxc5 Qe5 $2 (37... Rxc5 38. Bxe4 $1) 38. Bh3 {Pia skall ha heder för
att hon försökte allt vad hon orkade.} 1-0